Tilastot visalle Liput, joissa on eniten mustaa

Klikkaa tästä pelataksesi tätä visaa!

Yleistilastot

  • Tätä visaa on pelattu 517 kertaa
  • Keskiarvotulos 12 / 15

Vastaustilastot

Vastaus% Oikein
Viro
99%
Saksa
99%
Belgia
95%
Jamaika
93%
Irak
88%
Kenia
86%
Egypti
83%
Syyria
81%
Afganistan
69%
Angola
67%
Jemen
65%
Uganda
65%
Libya
60%
Tansania
60%
Papua-Uusi-Guinea
56%

Tulosjakauma

Persentiili vastausten määrän mukaan

Jokaisen tuloksen saaneiden osuus

Tuloshistoriasi

Et ole pelannut tätä visaa